• 首页
  • 本馆介绍
  • 公告通知
  • 最新文献
  • 馆藏检索
  • 电子资源
  • 读者导购
  • 参考咨询
  • 我的图书馆
  • 登录
  • 详细信息显示
  • 放入我的书架
  • 预约/预借图书
  • 作者相关作品
  • 分类相关作品
  • 丛书相关作品
  • 出版社相关作品

书目信息

  • 表格格式
  • 工作单格式
  • 卡片格式
题名:
清史资料
    
 
作者: ;中国社会科学院历史研究扬 编
分册: 第三辑  
出版信息: 北京   中华书局  1982.7
页数: 243页
开本: 20cm
丛书名:
单 册:
中图分类: K249.6
科图分类:
主题词: 中国--历史
电子资源:
ISBN:
000 00611nam0 2200205 45
001 0312221749
005 20040509094758.8
010    @dCNY0.72
091    @a11018.1010
100    @a20031222d1982 km y0chiy0120 ea
101    @achi
105    @a z 000yy
200 1  @a清史资料@h第三辑@AQing Shi Zi Liao@f中国社会科学院历史研究扬编@FZhong Guo She Hui Ke XueYuan Li Shi Yan Jiu Yang Bian
210    @a北京@c中华书局@d1982.7
215    @a243页@d20cm
606 0  @a中国@x历史
690    @aK249.6@v3
711 02 @a中国社会科学院历史研究扬@4编
801    @aCN@bTSTCL@c20031222
905    @dK249.6@e13:3@f3@b179848-850
    
    清史资料.第三辑/中国社会科学院历史研究扬编.-北京:中华书局,1982.7
    243页;20cm
    
    
    ISBN :CNY0.72
    
●
相关链接 在E读中查询图书 在五车中查询图书 在当当中查询图书 在豆瓣中查询图书


正题名:清史资料     索取号:K249.6/13:3         预约/预借

序号 登录号 条形码 馆藏地/架位号 状态 备注
1 0179848   000590024   密集书库/ [索取号:K249.6/13:3] 在馆    
2 0179849   000469656   第二借阅区/ [索取号:K249.6/13:3] 在馆    
3 0179850   000469665   密集书库/ [索取号:K249.6/13:3] 在馆    
4 0179851   000469674   第二样本阅览室/ [索取号:K249.6/13:3] 在馆    
唐山师范学院图书馆 欢迎您!
大连网信软件有限公司© 版权所有